00413nam a2200145Ia 4500008004100000040001900041041001200060082002700072100002400099245005600123260003300179300001900212650001400231850002200245131103s9999 xx 000 0 und d aLoreto College aEnglish a370.942/DAWbLCBkB/384 aDawson, Christopher 4aThe crisis of western educationcChristopher Dawson aLondonbSheed and Wardc1961 a246p. c 22cm. aEducation aLCBkB/370.942/DAW